| 000 | 00694nam a2200289Ia 4500 | ||
|---|---|---|---|
| 008 | 170203s9999 xx 000 0 und d | ||
| 020 | _a0-59043604x | ||
| 050 | _aFIc | ||
| 050 | _bW257c | ||
| 100 | _aWard, Cindy. | ||
| 245 | _aCookie's week / | ||
| 245 | _cby Cindy Ward ; illustrated by Tomie dePaola. | ||
| 260 | _aNew York : | ||
| 260 | _bPutnam, | ||
| 260 | _c1988 | ||
| 300 | _a32 unnumbered pages : | ||
| 300 | _bcolor illustrations ; | ||
| 300 | _c19 cm | ||
| 650 | _aCats -- | ||
| 650 | _aCats -- | ||
| 650 | _aDays -- | ||
| 650 | _aDays -- | ||
| 650 | _xFiction. | ||
| 650 | _xFiction. | ||
| 650 | _xJuvenile fiction. | ||
| 650 | _xJuvenile fiction. | ||
| 999 |
_c306398 _d306398 |
||